Sale of goods Act. (Record no. 2742)

MARC details
000 -LEADER
fixed length control field 00361nam a22001577a 4500
005 - DATE AND TIME OF LATEST TRANSACTION
control field 20160615102845.0
008 - FIXED-LENGTH DATA ELEMENTS--GENERAL INFORMATION
fixed length control field 160615b xxu||||| |||| 00| 0 eng d
041 ## - LANGUAGE CODE
Language code of text/sound track or separate title eng
082 ## - DEWEY DECIMAL CLASSIFICATION NUMBER
Item number 7676
100 ## - MAIN ENTRY--AUTHOR NAME
Personal name Bangia, R.K.
245 ## - TITLE STATEMENT
Title Sale of goods Act.
260 ## - PUBLICATION, DISTRIBUTION, ETC. (IMPRINT)
Place of publication Allahabad
Name of publisher Law agency
Year of publication 2004
300 ## - PHYSICAL DESCRIPTION
Number of Pages 168
650 ## - SUBJECT ADDED ENTRY--TOPICAL TERM
Topical Term Management
942 ## - ADDED ENTRY ELEMENTS (KOHA)
Koha item type Books
Holdings
Lost status Damaged status Collection code Home library Current library Shelving location Date acquired Cost, normal purchase price Full call number Accession Number Koha item type
    LAW JRU Library   SHELF-31-D 15/06/2016 65.00 346.5407 7676 Books
    LAW JRU Library   SHELF-31-D 15/06/2016 65.00 346.5407 7677 Books
    LAW JRU Library   SHELF-31-D 15/06/2016 65.00 346.5407 7678 Books
    LAW JRU Library   SHELF-31-D 15/06/2016 65.00 346.5407 7679 Books